Katalog Plus
Bibliothek der Frankfurt UAS
Bald neuer Katalog: sichern Sie sich schon vorab Ihre persönlichen Merklisten im Nutzerkonto: Anleitung.

Imaginarios y representaciones de España durante el franquismo

Titel: Imaginarios y representaciones de España durante el franquismo / Stéphane Michonneau, Xosé M. Núñez-Seixas
Verfasser:
Beteiligt: ; ; ; ; ; ; ; ; ;
Veröffentlicht: Madrid : Casa de Velázquez, 2016
Umfang: 1 Online-Ressource (281 p.)
Format: E-Book
Sprache: Spanisch
Schlagworte:
ISBN: 9788490961438 ; 9788415636656
Buchumschlag
X
alg: 48490204
001A    $06055:27-08-21 
001B    $01999:16-03-26 $t16:17:19.000 
001D    $06055:27-08-21 
001U    $0utf8 
001X    $00 
002@    $0Oax 
002C    $aText $btxt $2rdacontent 
002D    $aComputermedien $bc $2rdamedia 
002E    $aOnline-Ressource $bcr $2rdacarrier 
003@    $0484902040 
004A    $A978-84-9096-143-8 
004O    $A978-84-15636-65-6 $Sp 
007A    $0484902040 $aHEB 
007I    $0OEB-9788490961438 
009Q    $S0 $uhttp://books.openedition.org/cvz/1148 $xH 
010@    $aspa 
011@    $a2016 
013D    $#Beiträge Formschlagwort $#Einzelbeiträge $#Sammelwerk Formschlagwort $D20251120 $Ecgmnf $74143413-4 $8Aufsatzsammlung [Tsz] $9085562742 
017B    $aZDB-183-OEB 
021A    $aImaginarios y representaciones de España durante el franquismo $hStéphane Michonneau, Xosé M. Núñez-Seixas 
028A    $aAparicio $dFernando Molina 
028C    $aBox $dZira 
028C    $#Chillida, Gonzalo Alvarez $#Alvarez-Chillida, Gonzalo $D20231015 $Ecgwrk $7105647713X $8Álvarez Chillida, Gonzalo$Z1958- [Tp3] $9346226074 
028C    $aGesser $dSilvina Schammah 
028C    $aHerranz $dInmaculada Blasco 
028C    $aMarcilhacy $dDavid 
028C    $D20231015 $Ecgwrk $71130711331 $8Michonneau, Stéphane$Z1966- [Tp3] $9402572432 
028C    $aSánchez-Biosca $dVicente 
028C    $#Núñez Seixas, X. M. $#Núñez Seixas, Xosé Manoel $#Núnez, Xosé-Manoel $#Núñez Seixas, Xosé-Manoel $#Seixas, Xosé Manuel Núñez $#Seixas, Xosé Manoel Núñez $#Núñez, Xosé M. $#Núñez Seixas, Xosé Manuel $#Núñez-Seixas, Xosé M. $#Seixas, Xosé M. Núñez $#Nunʹes Sejšas, Š. M. $#Nunʹes Sejšas, Šose M. $D20231015 $Ecgwrk $7141110430 $8Núñez Seixas, Xosé M.$Z1966- [Tp3] $9222800429 
028C    $aSoto $dAlejandro Quiroga Fernández de 
028C    $#Núñez Seixas, X. M. $#Núñez Seixas, Xosé Manoel $#Núnez, Xosé-Manoel $#Núñez Seixas, Xosé-Manoel $#Seixas, Xosé Manuel Núñez $#Seixas, Xosé Manoel Núñez $#Núñez, Xosé M. $#Núñez Seixas, Xosé Manuel $#Núñez-Seixas, Xosé M. $#Seixas, Xosé M. Núñez $#Nunʹes Sejšas, Š. M. $#Nunʹes Sejšas, Šose M. $D20231015 $Ecgwrk $7141110430 $8Núñez Seixas, Xosé M.$Z1966- [Tp3] $9222800429 
033A    $pMadrid $nCasa de Velázquez 
033E    $pMarseille $nOpenEdition 
034D    $a1 Online-Ressource (281 p.) 
044A    $aHistory $S#4 $N650 
044A    $aEspaña $S#4 $N650 
044A    $afranquismo $S#4 $N650 
044A    $anacionalismo $S#4 $N650 
044A    $asiglo XX $S#4 $N650 
044A    $anationalisme $S#4 $N650 
044A    $aEspagne $S#4 $N650 
044A    $aFranquisme $S#4 $N650 
044A    $aXXème siècle $S#4 $N650 
044K    $RBewusstsein $RNationalismus $RNationenbildung $RPatriotismus $#Nationalism $#Nationalisme $#Nationalbewusstsein $#nationale Identität $#Nationale Identität $#Nationale Identität Nationalbewusstsein $#Nationales Bewusstsein $#Nationalgefühl $#Historische Identität Nationalbewusstsein $74041282-9 $8Nationalbewusstsein [Ts1] $9085112976 
044K    $RFalangismus $RPolitisches System $#Francoism $#Franquisme $#Franchismo $#Franquismo $#Franquismo $#Franco-Regime $#Frankismus $74155196-5 $8Franquismus [Ts1] $9085658480 
044K    $RIberische Halbinsel $#Spanien $#Spanien $#Isbāniyā $#Spain $#Espagne $#Estado Español $#España $#Espanja $#Hispania $#Königreich Spanien $74055964-6 $8Spanien [Tgz] $9085155950 
044K    $RNationalbewegung $RNationalbewusstsein $RPatriotismus $#Nationalism $#Nationalisme $#Nazionalismo $#Nacionalismo $#Nationalismus $#Nationalismus $#Nationalismus $#Pannationalismus $74041300-7 $8Nationalismus [Ts1] $9085113069 
044K    $RSozialcharakter $#National characteristics $#Caractère national $#Caratteristiche nazionali $#Nationalkultur $#Nationalcharakter $#Volkscharakter $#Nation Charakter $#Nation Sozialcharakter $74137343-1 $8Nationalcharakter [Ts1] $908551439X 
044K    $RSymbol $RStaatssymbol $#Symbolism in politics $#Symbolisme en politique $#Simbolismo en política $#Symbol Politik $#Politische Symbolik $74175051-2 $8Politisches Symbol [Ts1] $9085818070 
044K    $#Social representations $#Représentations sociales $#Rappresentazioni sociali $#Repräsentation $#Soziale Repräsentation $#Kollektive Repräsentation $74202023-2 $8Repräsentation$gSoziologie [Ts1] $9086023373 
045B    $a946 
047A    $aSacherschließung maschinell aus paralleler Ausg. übernommen 
047I    $aLa ausencia de una obra dedicada al estudio de los lugares de memoria de la identidad nacional española durante el franquismo constituía una laguna importante de la historiografía española que este volumen intenta completar. Se pretende aquí, por un lado, abordar el estudio del nacionalismo español durante el franquismo a la luz de la dimensión cultural y simbólica de la política, contribuyendo así a un mejor conocimiento de la evolución del discurso y de las prácticas nacionalistas a lo largo de las diferentes etapas por las que pasó el régimen, más allá de las aproximaciones puntuales o excesivamente generales. Por otro lado, y en consecuencia, se propone en este libro una perspectiva interpretativa de la nacionalización franquista que otorgue un mayor protagonismo a las prácticas culturales, simbólicas y visuales, contemplándolas en su interacción con otras identidades colectivas. 

lok: 48490204 3

exp: 48490204 3 1 #EPN
201B/01 $028-08-21 $t22:25:42.112 
201C/01 $028-08-21 
201U/01 $0utf8 
203@/01 $01166798089 
208@/01 $a28-08-21 $bl 
209S/01 $S0 $uhttp://books.openedition.org/cvz/1148 $XH 

lok: 48490204 5

exp: 48490204 5 1 #EPN
201B/01 $018-02-22 $t18:13:57.463 
201C/01 $018-02-22 
201U/01 $0utf8 
203@/01 $01182895557 
208@/01 $a18-02-22 $bl 
209S/01 $S0 $uhttp://books.openedition.org/cvz/1148 $XH 

lok: 48490204 8

exp: 48490204 8 1 #EPN
201B/01 $028-08-21 $t22:25:42.117 
201C/01 $028-08-21 
201U/01 $0utf8 
203@/01 $01166798097 
208@/01 $a28-08-21 $bl 
209S/01 $S0 $uhttp://books.openedition.org/cvz/1148 $XH 

lok: 48490204 10

exp: 48490204 10 1 #EPN
201B/01 $028-08-21 $t22:25:42.122 
201C/01 $028-08-21 
201U/01 $0utf8 
203@/01 $01166798100 
208@/01 $a28-08-21 $bl 
209S/01 $S0 $uhttp://books.openedition.org/cvz/1148 $XH 

lok: 48490204 21

exp: 48490204 21 1 #EPN
201B/01 $028-08-21 $t22:25:42.131 
201C/01 $028-08-21 
201U/01 $0utf8 
203@/01 $01166798127 
208@/01 $a28-08-21 $bl 
209S/01 $S0 $uhttp://books.openedition.org/cvz/1148 $XH 

lok: 48490204 23

exp: 48490204 23 1 #EPN
201B/01 $028-08-21 $t22:25:42.136 
201C/01 $028-08-21 
201U/01 $0utf8 
203@/01 $01166798135 
208@/01 $a28-08-21 $bl 
209S/01 $S0 $uhttp://books.openedition.org/cvz/1148 $XH 

lok: 48490204 25

exp: 48490204 25 1 #EPN
201B/01 $028-08-21 $t22:25:42.140 
201C/01 $028-08-21 
201U/01 $0utf8 
203@/01 $01166798143 
208@/01 $a28-08-21 $bl 
209S/01 $S0 $uhttp://books.openedition.org/cvz/1148 $XH 

lok: 48490204 204

exp: 48490204 204 1 #EPN
201B/01 $028-08-21 $t22:25:42.145 
201C/01 $028-08-21 
201U/01 $0utf8 
203@/01 $01166798151 
208@/01 $a28-08-21 $bl 
209S/01 $S0 $uhttp://books.openedition.org/cvz/1148 $XH 

lok: 48490204 205

exp: 48490204 205 1 #EPN
201B/01 $028-08-21 $t22:25:42.150 
201C/01 $028-08-21 
201U/01 $0utf8 
203@/01 $0116679816X 
208@/01 $a28-08-21 $bl 
209S/01 $S0 $uhttp://books.openedition.org/cvz/1148 $XH
LEADER 00000cam a22000002c 4500
001 484902040
003 DE-603
005 20260316161719.0
007 cr||||||||||||
008 210827s2016 xx |||| o| u00||u|spa c
020 |a 9788490961438 
035 |a (DE-599)HEB484902040 
040 |a DE-603  |b ger  |c DE-603  |d DE-603 
041 |a spa 
082 7 |a 946 
100 1 |a Aparicio, Fernando Molina 
245 0 0 |a Imaginarios y representaciones de España durante el franquismo  |c Stéphane Michonneau, Xosé M. Núñez-Seixas 
264 1 |a Madrid  |b Casa de Velázquez  |c 2016 
264 2 |a Marseille  |b OpenEdition 
300 |a 1 Online-Ressource (281 p.) 
336 |a Text  |b txt  |2 rdacontent 
337 |a Computermedien  |b c  |2 rdamedia 
338 |a Online-Ressource  |b cr  |2 rdacarrier 
520 |a La ausencia de una obra dedicada al estudio de los lugares de memoria de la identidad nacional española durante el franquismo constituía una laguna importante de la historiografía española que este volumen intenta completar. Se pretende aquí, por un lado, abordar el estudio del nacionalismo español durante el franquismo a la luz de la dimensión cultural y simbólica de la política, contribuyendo así a un mejor conocimiento de la evolución del discurso y de las prácticas nacionalistas a lo largo de las diferentes etapas por las que pasó el régimen, más allá de las aproximaciones puntuales o excesivamente generales. Por otro lado, y en consecuencia, se propone en este libro una perspectiva interpretativa de la nacionalización franquista que otorgue un mayor protagonismo a las prácticas culturales, simbólicas y visuales, contemplándolas en su interacción con otras identidades colectivas. 
650 7 |a Nationalbewusstsein  |0 (DE-588)4041282-9  |0 (DE-603)085112976  |2 gnd 
650 7 |a Franquismus  |0 (DE-588)4155196-5  |0 (DE-603)085658480  |2 gnd 
650 7 |a Nationalismus  |0 (DE-588)4041300-7  |0 (DE-603)085113069  |2 gnd 
650 7 |a Nationalcharakter  |0 (DE-588)4137343-1  |0 (DE-603)08551439X  |2 gnd 
650 7 |a Politisches Symbol  |0 (DE-588)4175051-2  |0 (DE-603)085818070  |2 gnd 
650 7 |a Repräsentation  |g Soziologie  |0 (DE-588)4202023-2  |0 (DE-603)086023373  |2 gnd 
651 7 |a Spanien  |0 (DE-588)4055964-6  |0 (DE-603)085155950  |2 gnd 
655 7 |a Aufsatzsammlung  |2 gnd-content  |0 (DE-588)4143413-4  |0 (DE-603)085562742 
700 1 |a Box, Zira 
700 1 |a Álvarez Chillida, Gonzalo  |d 1958-  |0 (DE-603)346226074  |0 (DE-588)105647713X  |2 gnd 
700 1 |a Gesser, Silvina Schammah 
700 1 |a Herranz, Inmaculada Blasco 
700 1 |a Marcilhacy, David 
700 1 |a Michonneau, Stéphane  |d 1966-  |0 (DE-603)402572432  |0 (DE-588)1130711331  |2 gnd 
700 1 |a Sánchez-Biosca, Vicente 
700 1 |a Núñez Seixas, Xosé M.  |d 1966-  |0 (DE-603)222800429  |0 (DE-588)141110430  |2 gnd 
700 1 |a Soto, Alejandro Quiroga Fernández de 
700 1 |a Núñez Seixas, Xosé M.  |d 1966-  |0 (DE-603)222800429  |0 (DE-588)141110430  |2 gnd 
776 1 |z 9788415636656 
856 |u http://books.openedition.org/cvz/1148  |x Verlag  |z kostenfrei 
912 |a ZDB-183-OEB 
924 1 |9 603  |a (DE-603)1166798089  |b DE-603  |c HES  |d d 
924 1 |9 603  |a (DE-603)1182895557  |b DE-603  |c HES  |d d 
924 1 |9 603  |a (DE-603)1166798097  |b DE-603  |c HES  |d d 
924 1 |9 603  |a (DE-603)1166798100  |b DE-603  |c HES  |d d 
924 1 |9 603  |a (DE-603)1166798127  |b DE-603  |c HES  |d d 
924 1 |9 603  |a (DE-603)1166798135  |b DE-603  |c HES  |d d 
924 1 |9 603  |a (DE-603)1166798143  |b DE-603  |c HES  |d d 
924 1 |9 603  |a (DE-603)1166798151  |b DE-603  |c HES  |d d 
924 1 |9 603  |a (DE-603)116679816X  |b DE-603  |c HES  |d d